Subjects of Quran (Record no. 550293)
[ view plain ]
| 000 -LEADER | |
|---|---|
| fixed length control field | 00371nam a22001337a 4500 |
| 082 ## - DEWEY DECIMAL CLASSIFICATION NUMBER | |
| Classification number | 297.1229 |
| Author Mark | SUB |
| -- | L-31, P-187 |
| 100 ## - MAIN ENTRY--PERSONAL NAME | |
| Personal name | Zahid Malik |
| 9 (RLIN) | 9300 |
| 245 ## - TITLE STATEMENT | |
| Title | Subjects of Quran |
| Statement of responsibility, etc. | Zahid Malik |
| 260 ## - PUBLICATION, DISTRIBUTION, ETC. | |
| Place of publication, distribution, etc. | Army Education Press Pakistan |
| Name of publisher, distributor, etc. | Hurmat Publications |
| 300 ## - PHYSICAL DESCRIPTION | |
| Extent | 806 P, : |
| 526 ## - STUDY PROGRAM INFORMATION NOTE | |
| Program name | 0 |
| Interest level | 0 |
| Reading level | 0 |
| Title point value | 297_122900000000000_SUB |
| 650 ## - SUBJECT ADDED ENTRY--TOPICAL TERM | |
| Topical term or geographic name entry element | MCE |
| 9 (RLIN) | 379 |
| 942 ## - ADDED ENTRY ELEMENTS (KOHA) | |
| Source of classification or shelving scheme | |
| Koha item type | Book |
| Withdrawn status | Lost status | Source of classification or shelving scheme | Damaged status | Not for loan | Permanent Location | Current Location | Date acquired | Total Checkouts | Full call number | Barcode | Date last seen | Price effective from | Koha item type |
|---|---|---|---|---|---|---|---|---|---|---|---|---|---|
| Military College of Engineering (MCE) | Military College of Engineering (MCE) | 10/30/2014 | 297.1229 SUB | MCE-25552 | 10/30/2014 | 10/30/2014 | Book |
